Orange Animal Alphabet - Statistics

General Stats
  • This quiz has been taken 15 times
  • The average score is 20 of 26
Answer Stats
Picture Hint Answer % Correct
A Anteater
100%
B Bobcat
100%
C Crocodile
100%
G Gazelle
100%
H Hedgehog
100%
K Koala
100%
L Lemur
100%
S Squirrel
100%
P Panda
92%
R Ram
92%
T Trout
92%
U Urchin
92%
I Impala
75%
J Jerboa
67%
O Oryx
67%
Z Zorse
67%
D Dhole
58%
E Eland
58%
F Fossa
58%
N Nyala
58%
Q Quokka
58%
W Wolverine
58%
X Xenopus
50%
Y Yellow Mongoose
50%
M Margay
42%
V Vireo
33%
No matching quizzes found
Score Distribution
Percent of People with Each Score
Percentile by Number Answered
Your Score History
You have not taken this quiz